000 00300nam a2200145Ia 4500
100 _aRao/C.V.M
650 _aPhysics
942 _cBK
366 _f25
245 _aEngineering Physics Lab Manual
260 _bSci tech
_c2009
082 _a530
_bRAO
546 _aENGLISH
_cComputers
999 _c19614
_d19614